000
00249nam a2200097Ia 4500
008
240331s9999 xx 000 0 und d
082
_b
ROB
100
_a
Roberts,M
245
0
_a
Sinhala consciousness in the Kandyan period 1590s to 1815 :
_b
-
942
_c
L
999
_c
3544
_d
3544